[Event "Niksic"]
[Site "Niksic"]
[Date "1983.??.??"]
[Round "9"]
[White "Tal, Mihail"]
[Black "Timman, Jan H"]
[Result "1/2-1/2"]
[WhiteElo "2620"]
[BlackElo "2605"]

1.e4 e5 2.Nf3 Nc6 3.Bb5 a6 4.Ba4 Nf6 5.O-O Be7 6.Re1 b5 7.Bb3 d6 8.c3 O-O
9.h3 Nb8 10.d3 Nbd7 11.Nbd2 Bb7 12.Nf1 Nc5 13.Bc2 Re8 14.Ng3 Bf8 15.b4 Ncd7
16.d4 a5 17.Bd2 axb4 18.cxb4 exd4 19.Nxd4 d5 20.exd5 Rxe1+ 21.Bxe1 Bxd5 22.a3 Qb8
23.Ndf5 c5 24.bxc5 Bxc5 25.Bb4 Qb6 26.Qd2 Bxb4 27.Qxb4 Bc4 28.Rd1 Qc5 29.Qxc5  1/2-1/2

[Event "Niksic"]
[Site "Niksic"]
[Date "1983.??.??"]
[Round "11"]
[White "Tal, Mihail"]
[Black "Gligoric, Svetozar"]
[Result "1/2-1/2"]
[WhiteElo "2620"]
[BlackElo "2505"]

1.d4 Nf6 2.c4 e6 3.Nf3 b6 4.Nc3 Bb7 5.a3 d5 6.cxd5 exd5 7.Bf4 Bd6 8.g3 O-O
9.Bg2 c5 10.O-O Bxf4 11.gxf4 Na6 12.Rc1 Qe7 13.e3 Rfd8 14.Qe2 Nc7 15.Rfd1 Ne6
16.f5 Nc7 17.Ne5 Nce8 18.Qf3 Rac8 19.Qf4  1/2-1/2